Islam through Western Eyes (Record no. 20043)

MARC details
000 -LEADER
fixed length control field 00301nam a22001337a 4500
020 ## - INTERNATIONAL STANDARD BOOK NUMBER
ISBN 9788231158954
082 ## - DEWEY DECIMAL CLASSIFICATION NUMBER
Classification number 297.1 LYO
100 ## - MAIN ENTRY--AUTHOR NAME
Author name Lyons, Jonathan
245 ## - TITLE STATEMENT
Title Islam through Western Eyes
260 ## - PUBLICATION, DISTRIBUTION, ETC. (IMPRINT)
Place of publication N Y
Name of publisher Columbia University Press
Year of publication 2014
300 ## - PHYSICAL DESCRIPTION
Number of Pages 260
650 ## - SUBJECT ADDED ENTRY--TOPICAL TERM
Topical Term Islam
942 ## - ADDED ENTRY ELEMENTS (KOHA)
Koha item type Books
Holdings
Home library Current library Date acquired Source of acquisition Cost, normal purchase price Full call number Accession Number Koha item type
Henry Martyn Institute Library Henry Martyn Institute Library 04/11/2016 Flipkart 1419.00 297.1 LYO 25069 Books
                   Copyright © 2026 | Henry Martyn Institute | Hyderabad | TS-500052 | INDIA | Implemented by hmi.edu.in
Hit-Count:

Powered by Koha